[Event "SLO-chT1 East"]
[Site "Slovenia"]
[Date "2017.11.24"]
[Round "7"]
[White "Grilc, Mojca"]
[Black "Krnjovsek, Andrej"]
[Result "0-1"]
[WhiteElo "1881"]
[BlackElo "1978"]
[PlyCount "76"]
[EventDate "2017.09.29"]
[EventType "team-tourn"]
[EventRounds "9"]
[EventCountry "SLO"]
[SourceTitle "EXT 2019"]
[Source "ChessBase"]
[SourceDate "2018.10.10"]
[SourceVersion "1"]
[SourceVersionDate "2018.10.10"]
[SourceQuality "1"]
[WhiteTeam "Milan Majcen Sevnica"]
[BlackTeam "Slovenj Gradec"]
[WhiteTeamCountry "SLO"]
[BlackTeamCountry "SLO"]

1. e4 e5 2. Nf3 Nc6 3. Bc4 Bc5 4. 0-0 Nf6 5. d3 0-0 6. Nc3 h6 7. a3 d6 8. Na4 Bb6 9. Nxb6 axb6 10. c3 Be6 11. Bb3 Bxb3 12. Qxb3 d5 13. exd5 Qxd5 14. Qc2 Rad8 15. Ne1 Rfe8 16. Be3 Ne7 17. d4 e4 18. Qe2 Ng6 19. Nc2 Qf5 20. Rae1 Nh4 21. f3 exf3 22. gxf3 Nd5 23. Qf2 Rd6 24. Qxh4 Qxc2 25. Qf2 Qd3 26. Bc1 Rde6 27. Rxe6 Rxe6 28. Kh1 Re2 29. Qg1 Kh7 30. Qg4 Nf6 31. Qg3 Rxh2+ 32. Kg1 Rh1+ 33. Kxh1 Qxf1+ 34. Qg1 Qh3+ 35. Qh2 Qxf3+ 36. Qg2 Qd1+ 37. Qg1 Qxg1+ 38. Kxg1 b5 0-1

[Event "SLO-chT1 East"]
[Site "Slovenia"]
[Date "2015.10.17"]
[Round "2"]
[White "Grilc, Mojca"]
[Black "Cojhter, Karl"]
[Result "1/2-1/2"]
[WhiteElo "1889"]
[BlackElo "2044"]
[PlyCount "115"]
[EventDate "2015.10.16"]
[EventType "team-tourn"]
[EventRounds "9"]
[EventCountry "SLO"]
[SourceTitle "EXT 2019"]
[Source "ChessBase"]
[SourceDate "2018.10.10"]
[SourceVersion "1"]
[SourceVersionDate "2018.10.10"]
[SourceQuality "1"]
[WhiteTeam "Milan Majcen Sevnica"]
[BlackTeam "Maribor ZSK II"]
[WhiteTeamCountry "SLO"]
[BlackTeamCountry "SLO"]

1. e4 c6 2. d4 d5 3. exd5 cxd5 4. Bd3 Nc6 5. c3 Qc7 6. Nf3 Bg4 7. Bg5 e6 8. Nbd2 Bd6 9. Qc2 h6 10. Be3 Nge7 11. h3 Bf5 12. 0-0 0-0 13. Nh4 Nb4 14. cxb4 Qxc2 15. Bxc2 Bxc2 16. a3 Rac8 17. Nb1 Bd3 18. Rc1 g5 19. Nf3 Nf5 20. Nc3 Nxe3 21. fxe3 f5 22. Rd1 Bc2 23. Rdc1 Bb3 24. Nd2 Bc4 25. Nxc4 Rxc4 26. Nb5 Rxc1+ 27. Rxc1 Bb8 28. Rc2 f4 29. exf4 a6 30. Nc3 Rxf4 31. Ne2 Rf8 32. Rc1 Kg7 33. Rf1 Rc8 34. Rc1 Rxc1+ 35. Nxc1 Ba7 36. Nb3 e5 37. Kf1 Bxd4 38. Nxd4 exd4 39. Ke2 Kf6 40. Kd3 Ke5 41. g3 h5 42. a4 h4 43. gxh4 gxh4 44. a5 Ke6 45. Kxd4 Kd6 46. b5 axb5 47. b4 Ke6 48. Kc5 Ke5 49. Kxb5 d4 50. Kc4 Ke4 51. b5 d3 52. a6 d2 53. axb7 d1Q 54. b8Q Qd3+ 55. Kc5 Qc3+ 56. Kb6 Qxh3 57. Qb7+ Kd4 58. Qg7+ 1/2-1/2

[Event "SLO-CupT"]
[Site "Novo Mesto"]
[Date "2015.03.27"]
[Round "1"]
[White "Rozman, Monika"]
[Black "Grilc, Mojca"]
[Result "1-0"]
[WhiteElo "1898"]
[BlackElo "1908"]
[PlyCount "105"]
[EventDate "2015.03.27"]
[EventType "team-swiss"]
[EventRounds "5"]
[EventCountry "SLO"]
[SourceTitle "EXT 2019"]
[Source "ChessBase"]
[SourceDate "2018.10.10"]
[SourceVersion "1"]
[SourceVersionDate "2018.10.10"]
[SourceQuality "1"]
[WhiteTeam "Tomo Zupan Kranj"]
[BlackTeam "Milan Majcen Sevnica"]
[WhiteTeamCountry "SLO"]
[BlackTeamCountry "SLO"]

1. e4 c5 2. Nf3 d6 3. d4 cxd4 4. Nxd4 a6 5. Nc3 Nf6 6. Be3 e6 7. f3 Be7 8. Qd2 Nbd7 9. g4 Ne5 10. 0-0-0 Qc7 11. g5 Nfd7 12. Qe2 Nb6 13. f4 Nec4 14. Bf2 Bd7 15. h4 Rc8 16. f5 e5 17. Nf3 Na5 18. Rg1 g6 19. Bh3 Nac4 20. Rg3 Bd8 21. Qd3 Be7 22. fxg6 hxg6 23. Bxd7+ Nxd7 24. Nd5 Qa5 25. Kb1 Qb5 26. Qb3 Qxb3 27. cxb3 Na5 28. b4 Nc6 29. Rc1 Bf8 30. Rgg1 Bg7 31. a4 Ne7 32. Rxc8+ Nxc8 33. Rc1 Kd8 34. b5 axb5 35. a5 Ne7 36. Nxe7 Kxe7 37. Rc7 Rb8 38. Ba7 Ra8 39. Rxb7 Ke6 40. b4 f5 41. gxf6 Bxf6 42. Be3 d5 43. exd5+ Kd6 44. Rxb5 Ra6 45. Kc2 Bd8 46. Kb3 Bf6 47. Ka4 Be7 48. Rb7 Nf6 49. Bc5+ Kxd5 50. Bxe7 e4 51. Ne1 Ng4 52. b5 Re6 53. a6 1-0

[Event "SLO-chT1 East"]
[Site "Sentjur"]
[Date "2013.10.19"]
[Round "4"]
[White "Grilc, Mojca"]
[Black "Kos, Igor"]
[Result "1/2-1/2"]
[WhiteElo "1895"]
[BlackElo "2022"]
[PlyCount "34"]
[EventDate "2013.10.17"]
[EventType "team-tourn"]
[EventRounds "9"]
[EventCountry "SLO"]
[SourceTitle "EXT 2015"]
[Source "ChessBase"]
[SourceDate "2014.11.20"]
[SourceVersion "1"]
[SourceVersionDate "2014.11.20"]
[SourceQuality "1"]

1. e4 e6 2. d4 d5 3. exd5 exd5 4. Bd3 Nc6 5. c3 Bd6 6. Nf3 Nge7 7. Bg5 Bg4 8. Nbd2 Qd7 9. 0-0 0-0-0 10. Qa4 Kb8 11. Bb5 f6 12. Be3 Qe8 13. Rac1 Qh5 14. c4 dxc4 15. Rxc4 a6 16. Bxc6 Nxc6 17. Rc3 Ne7 1/2-1/2

[Event "SLO-CupT"]
[Site "Ljubljana"]
[Date "2013.09.21"]
[Round "2.4"]
[White "Lucovnik, Tilen"]
[Black "Grilc, Mojca"]
[Result "1/2-1/2"]
[WhiteElo "1939"]
[BlackElo "1895"]
[PlyCount "141"]
[EventDate "2013.09.20"]
[EventType "team-swiss"]
[EventRounds "5"]
[EventCountry "SLO"]
[SourceTitle "EXT 2019"]
[Source "ChessBase"]
[SourceDate "2018.10.10"]
[SourceVersion "1"]
[SourceVersionDate "2018.10.10"]
[SourceQuality "1"]
[WhiteTeam "Komenda"]
[BlackTeam "Sevnica Majcen"]
[WhiteTeamCountry "SLO"]
[BlackTeamCountry "SLO"]

1. e4 c5 2. Nf3 d6 3. Bb5+ Bd7 4. Bxd7+ Nxd7 5. 0-0 Ngf6 6. Qe2 e6 7. b3 Qc7 8. Bb2 Rc8 9. Na3 a6 10. d4 cxd4 11. Nxd4 Nc5 12. f3 d5 13. exd5 Nxd5 14. g3 Be7 15. c4 Nb4 16. Ndc2 Nxc2 17. Nxc2 0-0 18. Ne3 h5 19. f4 g6 20. f5 Bg5 21. fxg6 fxg6 22. Ng2 Rcd8 23. Rxf8+ Rxf8 24. b4 Na4 25. Qxe6+ Qf7 26. Qxf7+ Rxf7 27. Be5 Nb6 28. c5 Nc4 29. Bf4 Bf6 30. Rd1 Nb2 31. Rd6 Kh7 32. c6 bxc6 33. Rxc6 Nd3 34. a3 g5 35. Be3 Ne5 36. Rxa6 Nf3+ 37. Kf2 Nxh2 38. Ke2 Ng4 39. Ra7 Kg6 40. Rxf7 Kxf7 41. Bc5 Ke6 42. Ne3 Ne5 43. a4 Nd7 44. Ba7 Kd6 45. Kd3 Kc6 46. Bd4 Bd8 47. Ke4 h4 48. gxh4 gxh4 49. b5+ Kb7 50. Nd5 Ba5 51. Kf4 Be1 52. Kg4 Bg3 53. Ne7 Be1 54. Nc6 Nb8 55. Nxb8 Kxb8 56. Bf6 h3 57. Kxh3 Kc7 58. Be5+ Kb6 59. Kg4 Kc5 60. Kf5 Ba5 61. Ke6 Kb4 62. Kd7 Kxa4 63. Kc6 Kb4 64. Bd6+ Kc4 65. Bc5 Bd8 66. Bd6 Ba5 67. Be7 Kd4 68. Kb7 Kc4 69. Ka6 Bc7 70. b6 Bxb6 71. Kxb6 1/2-1/2

[Event "SLO-chT1 Ost"]
[Site "Maribor"]
[Date "2012.10.14"]
[Round "5"]
[White "Svensek, Marjan"]
[Black "Grilc, Mojca"]
[Result "1/2-1/2"]
[WhiteElo "2028"]
[BlackElo "1905"]
[PlyCount "139"]
[EventDate "2012.10.11"]
[EventType "team-tourn"]
[EventRounds "9"]
[EventCountry "SLO"]
[SourceTitle "EXT 2022"]
[Source "ChessBase"]
[SourceDate "2021.10.06"]
[SourceVersion "1"]
[SourceVersionDate "2021.10.06"]
[SourceQuality "1"]

1. b4 d5 2. Bb2 e6 3. Nf3 Nf6 4. a3 c5 5. bxc5 Bxc5 6. e3 Nbd7 7. c4 dxc4 8. Bxc4 0-0 9. d4 Bd6 10. Nbd2 Qa5 11. 0-0 Qh5 12. Be2 Qh6 13. e4 Bb8 14. e5 Nd5 15. g3 f6 16. Ne4 Qg6 17. Nh4 Qe8 18. Nf3 Qg6 19. Nh4 Qe8 20. exf6 N7xf6 21. Nxf6+ Rxf6 22. Nf3 Qh5 23. Ne5 Qe8 24. Qb3 b6 25. Qb5 Qxb5 26. Bxb5 Bd6 27. Bc6 Rb8 28. Rac1 Bxe5 29. dxe5 Rg6 30. Rfd1 Bb7 31. Bxb7 Rxb7 32. Rc8+ Kf7 33. Rd3 Rg4 34. Rf3+ Kg6 35. Rc6 Re7 36. h3 Re4 37. Kf1 h5 38. Rd3 Kf7 39. f3 Re3 40. Rxe3 Nxe3+ 41. Ke2 Nd5 42. Bc1 Rb7 43. Bd2 Ne7 44. Rc2 Nf5 45. Kf2 Rd7 46. Bb4 a5 47. Be1 Ne7 48. Rb2 Nd5 49. Rc2 Kg6 50. f4 h4 51. Kf3 hxg3 52. Ke4 Kf7 53. Bxg3 b5 54. Be1 b4 55. axb4 axb4 56. Rb2 Rc7 57. Kd4 Kg6 58. Rg2+ Kf7 59. f5 Nf4 60. fxe6+ Kxe6 61. Rb2 Nxh3 62. Rxb4 Ng5 63. Bg3 Rc6 64. Bf4 Nf7 65. Rb1 Ra6 66. Rb3 Nxe5 67. Bxe5 Ra4+ 68. Ke3 Kxe5 69. Rb5+ Kf6 70. Kf3 1/2-1/2

[Event "SLO-chT1 Ost"]
[Site "Sentjur"]
[Date "2011.10.16"]
[Round "5"]
[White "Flander, Nejc"]
[Black "Grilc, Mojca"]
[Result "1-0"]
[WhiteElo "1940"]
[BlackElo "1920"]
[PlyCount "85"]
[EventDate "2011.10.13"]
[EventType "team-tourn"]
[EventRounds "9"]
[EventCountry "SLO"]
[SourceTitle "EXT 2022"]
[Source "ChessBase"]
[SourceDate "2021.10.06"]
[SourceVersion "1"]
[SourceVersionDate "2021.10.06"]
[SourceQuality "1"]
[WhiteTeam "Zalec"]
[BlackTeam "Milan Majcen Sevnica"]
[WhiteTeamCountry "SLO"]
[BlackTeamCountry "SLO"]

1. e4 c5 2. d4 cxd4 3. c3 dxc3 4. Nxc3 d6 5. Bc4 e6 6. Nf3 Be7 7. 0-0 Nf6 8. Qe2 a6 9. Be3 b5 10. Bd3 Nbd7 11. Nd2 Ne5 12. Bc2 Bb7 13. h3 Rc8 14. f4 Ned7 15. a3 h5 16. Rad1 h4 17. f5 e5 18. Bb3 Nh5 19. Bf2 Nf4 20. Qg4 Kf8 21. Qf3 Nc5 22. Bc2 Na4 23. Bxa4 bxa4 24. Qe3 Qd7 25. Nf3 Rxc3 26. bxc3 Qc6 27. Rb1 g5 28. fxg6 Nxg6 29. Qa7 Bc8 30. Be3 Be6 31. Bg5 Qc5+ 32. Qxc5 dxc5 33. Rb8+ Kg7 34. Rxh8 Kxh8 35. Bxe7 Nxe7 36. Nxe5 Kg7 37. Nd3 c4 38. Nc5 Bc8 39. Nxa4 Bb7 40. Nc5 Bc6 41. Nxa6 Bxe4 42. Re1 Bb7 43. Nc5 1-0

[Event "SLO-chT1 Ost"]
[Site "Sentjur"]
[Date "2010.11.05"]
[Round "2"]
[White "Vidic, Branko"]
[Black "Grilc, Mojca"]
[Result "1-0"]
[WhiteElo "1992"]
[BlackElo "1956"]
[PlyCount "81"]
[EventDate "2010.11.04"]
[EventType "team-tourn"]
[EventRounds "9"]
[EventCountry "SLO"]
[SourceTitle "EXT 2022"]
[Source "ChessBase"]
[SourceDate "2021.10.06"]
[SourceVersion "1"]
[SourceVersionDate "2021.10.06"]
[SourceQuality "1"]
[WhiteTeam "Lendava Rokada"]
[BlackTeam "Milan Majcen Sevnica"]
[WhiteTeamCountry "SLO"]
[BlackTeamCountry "SLO"]

1. d4 d5 2. c4 e6 3. e3 Nf6 4. Nc3 Be7 5. Nf3 0-0 6. Bd3 b6 7. cxd5 exd5 8. 0-0 Bg4 9. h3 Bh5 10. Be2 Nbd7 11. Qb3 c6 12. Ne5 Rc8 13. Ba6 Rc7 14. f4 h6 15. Bd3 Nxe5 16. fxe5 Nh7 17. Bd2 Ng5 18. Qc2 f6 19. Bf5 fxe5 20. dxe5 Be8 21. Rf4 Bd7 22. Raf1 Ne6 23. Bh7+ Kh8 24. Rxf8+ Nxf8 25. Bd3 Be6 26. Ne2 Nd7 27. Nf4 Nf8 28. Bf5 Bxf5 29. Qxf5 Qe8 30. Bc3 Bc5 31. Rf3 Qc8 32. e6 Re7 33. Qh5 Kh7 34. Qf5+ Kh8 35. Qh5 Kh7 36. Qf5+ Kh8 37. Rg3 Bd6 38. Bxg7+ Rxg7 39. Rxg7 Bxf4 40. Qf7 Bxe3+ 41. Kh1 1-0

[Event "SLO-chT (Women)"]
[Site "Slovenia"]
[Date "2010.??.??"]
[Round "9"]
[White "Grilc, Mojca"]
[Black "Kolaric, Spela"]
[Result "1/2-1/2"]
[WhiteElo "1940"]
[BlackElo "1995"]
[PlyCount "99"]
[EventDate "2010.??.??"]
[EventType "team-tourn"]
[EventRounds "9"]
[EventCountry "SLO"]
[SourceTitle "EXT 2012"]
[Source "ChessBase"]
[SourceDate "2011.11.24"]
[SourceVersion "1"]
[SourceVersionDate "2011.11.24"]
[SourceQuality "1"]

1. e4 c5 2. Nf3 e6 3. d4 cxd4 4. Nxd4 a6 5. Be2 Nf6 6. Bd3 d6 7. 0-0 b5 8. c3 Bb7 9. Qc2 Nbd7 10. Bg5 Be7 11. Nd2 0-0 12. Rad1 h6 13. Bh4 Nc5 14. f3 Rc8 15. N2b3 Qb6 16. Kh1 b4 17. c4 Nxd3 18. Qxd3 Rfe8 19. Nc1 Nxe4 20. Bxe7 Nc5 21. Qd2 Rxe7 22. Nc2 b3 23. Na3 d5 24. Qd4 bxa2 25. Nxa2 Na4 26. cxd5 Bxd5 27. Nb4 Qxd4 28. Rxd4 Nxb2 29. Nxd5 exd5 30. Rxd5 Nc4 31. Nxc4 Rxc4 32. Ra5 Re6 33. h3 Rc2 34. Rg1 Rb2 35. Kh2 Kh7 36. h4 g6 37. Kh3 h5 38. Kg3 Kh6 39. Kh3 Rd6 40. Kg3 Rc6 41. Kh3 Rb4 42. Kg3 Rd4 43. Rga1 Rd2 44. Rxa6 Rcc2 45. Rg1 Ra2 46. Rb6 Ra4 47. Rb7 Kg7 48. Rc1 Raa2 49. Rg1 Rab2 50. Ra7 1/2-1/2

[Event "SLO-chT1 West"]
[Site "Sentjur"]
[Date "2009.11.08"]
[Round "9"]
[White "Vidic, Branko"]
[Black "Grilc, Mojca"]
[Result "1-0"]
[WhiteElo "1962"]
[BlackElo "1953"]
[PlyCount "49"]
[EventDate "2009.10.22"]
[EventType "team-tourn"]
[EventRounds "9"]
[EventCountry "SLO"]
[SourceTitle "EXT 2010"]
[Source "ChessBase"]
[SourceDate "2010.11.25"]
[SourceVersion "1"]
[SourceVersionDate "2010.11.25"]
[SourceQuality "1"]

1. d4 d5 2. c4 e6 3. Nf3 Nf6 4. e3 Be7 5. b3 b6 6. Bb2 Bb7 7. Nbd2 Nbd7 8. Bd3 c5 9. 0-0 cxd4 10. exd4 Qc7 11. Ne5 Nxe5 12. dxe5 Nd7 13. cxd5 Bxd5 14. Rc1 Qb7 15. Qg4 g6 16. Ne4 h5 17. Qf4 h4 18. f3 Rd8 19. Nd6+ Bxd6 20. exd6 e5 21. Bxe5 Rh5 22. Bg7 Nc5 23. Rfe1+ Be6 24. Bb5+ Rd7 25. Qf6 1-0

[Event "SLO-chT1 West"]
[Site "Sentjur"]
[Date "2009.11.07"]
[Round "7"]
[White "Grilc, Mojca"]
[Black "Kos, Igor"]
[Result "1/2-1/2"]
[WhiteElo "1953"]
[BlackElo "2115"]
[PlyCount "58"]
[EventDate "2009.10.22"]
[EventType "team-tourn"]
[EventRounds "9"]
[EventCountry "SLO"]
[SourceTitle "EXT 2010"]
[Source "ChessBase"]
[SourceDate "2010.11.25"]
[SourceVersion "1"]
[SourceVersionDate "2010.11.25"]
[SourceQuality "1"]

1. e4 e6 2. d4 d5 3. exd5 exd5 4. Bd3 Nc6 5. c3 Bd6 6. Be3 Nf6 7. Nf3 Bg4 8. Nbd2 Qd7 9. Qb3 0-0-0 10. h3 Bf5 11. Bb5 a6 12. Ne5 Bxe5 13. dxe5 axb5 14. exf6 d4 15. Bg5 Rhe8+ 16. Kf1 h6 17. Bf4 g5 18. Bxc7 Kxc7 19. c4 bxc4 20. Nxc4 Be6 21. Qg3+ Ne5 22. Nxe5 Qd6 23. Kg1 Bxa2 24. Rxa2 Rxe5 25. Ra1 d3 26. Kh2 h5 27. Rhc1+ Kb8 28. Kh1 d2 29. Rd1 Qxf6 1/2-1/2

[Event "SLO-chT1 West"]
[Site "Sentjur"]
[Date "2009.10.22"]
[Round "1"]
[White "Grilc, Mojca"]
[Black "Stavanja, Milan"]
[Result "1/2-1/2"]
[WhiteElo "1953"]
[BlackElo "2197"]
[PlyCount "51"]
[EventDate "2009.10.22"]
[EventType "team-tourn"]
[EventRounds "9"]
[EventCountry "SLO"]
[SourceTitle "EXT 2010"]
[Source "ChessBase"]
[SourceDate "2010.11.25"]
[SourceVersion "1"]
[SourceVersionDate "2010.11.25"]
[SourceQuality "1"]

1. e4 c5 2. Nf3 Nc6 3. c3 e6 4. d4 cxd4 5. Nxd4 d5 6. Bb5 Bd7 7. exd5 Nxd4 8. Bxd7+ Qxd7 9. Qxd4 Qxd5 10. Qxd5 exd5 11. 0-0 Bd6 12. Re1+ Ne7 13. Bg5 f6 14. Bh4 Kf7 15. Bg3 Bxg3 16. hxg3 Nc6 17. Na3 Rad8 18. Rad1 d4 19. cxd4 Nxd4 20. Kf1 Rd7 21. Rd3 Rhd8 22. Red1 Ke7 23. Re1+ Kf7 24. Red1 Ke7 25. Re1+ Kf7 26. Red1 1/2-1/2

[Event "SLO-chT 18th"]
[Site "Murska Sobota"]
[Date "2008.12.11"]
[Round "6"]
[White "Grilc, Mojca"]
[Black "Piskur, Mitja"]
[Result "1/2-1/2"]
[WhiteElo "1998"]
[BlackElo "2305"]
[PlyCount "78"]
[EventDate "2008.12.06"]
[EventType "team-tourn"]
[EventRounds "9"]
[EventCountry "SLO"]
[SourceTitle "CBM 127 Extra"]
[Source "ChessBase"]
[SourceDate "2009.01.08"]
[SourceVersion "2"]
[SourceVersionDate "2009.01.28"]
[SourceQuality "1"]
[WhiteTeam "Sevnica Majcen"]
[BlackTeam "Ljubljana Metalka Trgovina"]
[WhiteTeamCountry "SLO"]
[BlackTeamCountry "SLO"]

1. e4 d5 2. exd5 Nf6 3. Nf3 Nxd5 4. d4 g6 5. c3 Bg7 6. Bc4 0-0 7. 0-0 Nc6 8. Bg5 Rb8 9. Re1 Nf6 10. Nbd2 b5 11. Bb3 Na5 12. Ne5 Bb7 13. Ndf3 Nxb3 14. axb3 Ne4 15. Bh4 a6 16. Qc2 f5 17. Ng5 Bxe5 18. dxe5 Nxg5 19. Bxg5 Qd5 20. f4 Qe6 21. b4 Rfd8 22. Rad1 Kf7 23. Qf2 Bd5 24. Rd3 Be4 25. Rh3 h5 26. Bh4 Rd5 27. Rhe3 Rbd8 28. h3 Rd2 29. R3e2 Rxe2 30. Rxe2 Rd3 31. Qc5 Rd7 32. Qe3 Rd3 33. Qc5 Rd7 34. Qe3 Rd1+ 35. Kh2 Rd3 36. Qc5 Qd7 37. Qf2 Qc6 38. Rd2 Qd5 39. Rxd3 Bxd3 1/2-1/2

[Event "SLO-chT (Women)"]
[Site "Kozje"]
[Date "2008.12.06"]
[Round "8"]
[White "Nadvesnik, Maja"]
[Black "Grilc, Mojca"]
[Result "1-0"]
[WhiteElo "1848"]
[BlackElo "1998"]
[PlyCount "83"]
[EventDate "2008.11.27"]
[EventType "team-tourn"]
[EventRounds "9"]
[EventCountry "SLO"]
[SourceTitle "CBM 127 Extra"]
[Source "ChessBase"]
[SourceDate "2009.01.08"]
[SourceVersion "2"]
[SourceVersionDate "2009.01.28"]
[SourceQuality "1"]

1. e4 c5 2. Nf3 d6 3. d4 cxd4 4. Nxd4 Nf6 5. Nc3 a6 6. Bc4 e6 7. Bb3 Be7 8. 0-0 0-0 9. f4 Qc7 10. Kh1 b5 11. f5 b4 12. Na4 e5 13. Ne2 Bb7 14. Ng3 Nbd7 15. c3 Nxe4 16. Nxe4 Bxe4 17. Qg4 Qb7 18. cxb4 Bc6 19. Bh6 Bf6 20. Bxg7 Bxg7 21. f6 Nxf6 22. Rxf6 Bxg2+ 23. Kg1 Bh3 24. Qg3 Qg2+ 25. Qxg2 Bxg2 26. Rxd6 Bh3 27. Nc5 a5 28. bxa5 Rxa5 29. Ne4 Rb8 30. Rad1 Rab5 31. Rd8+ Bf8 32. Nf6+ Kg7 33. Nh5+ Kg6 34. Rxf8 Kxh5 35. Rxf7 Kg6 36. Rd6+ Kg5 37. Rg7+ Kf4 38. Rxh7 Bg4 39. h3 Rxb3 40. axb3 Bf5 41. Rf7 e4 42. Rdf6 1-0

[Event "SLO-chT (Women)"]
[Site "Kozje"]
[Date "2008.11.28"]
[Round "2"]
[White "Srebrnic, Ana"]
[Black "Grilc, Mojca"]
[Result "0-1"]
[WhiteElo "2290"]
[BlackElo "1998"]
[PlyCount "100"]
[EventDate "2008.11.27"]
[EventType "team-tourn"]
[EventRounds "9"]
[EventCountry "SLO"]
[SourceTitle "CBM 127 Extra"]
[Source "ChessBase"]
[SourceDate "2009.01.08"]
[SourceVersion "2"]
[SourceVersionDate "2009.01.28"]
[SourceQuality "1"]

1. d4 d5 2. c4 e6 3. cxd5 exd5 4. Nc3 c6 5. Qc2 Nf6 6. Bg5 Be6 7. e3 Nbd7 8. Bd3 h6 9. Bh4 Bd6 10. Nge2 Rc8 11. 0-0 Bxh2+ 12. Kh1 Bb8 13. f4 g5 14. f5 gxh4 15. fxe6 fxe6 16. Nf4 Bxf4 17. Rxf4 Qe7 18. Qf2 Qg7 19. Qxh4 Qg5 20. Qh3 Ke7 21. Ne2 Rcg8 22. Rf3 Qg4 23. Nf4 Ne4 24. Bxe4 dxe4 25. Qxg4 Rxg4 26. Rh3 Nf6 27. Rf1 h5 28. g3 Rg5 29. Kg2 Rhg8 30. Kf2 a5 31. Rfh1 Kd6 32. b3 a4 33. b4 a3 34. Rb1 Nd5 35. Rb3 h4 36. Ne2 hxg3+ 37. Rxg3 Rf8+ 38. Ke1 Rgf5 39. Kd2 Rf2 40. Rg1 Rh2 41. Rxa3 Rff2 42. Re1 Nxb4 43. Kc3 Nd3 44. Rb1 Rxe2 45. Ra7 Rxe3 46. a4 Nb2+ 47. Kb4 Rd2 48. Ka5 Nc4+ 49. Kb4 Rxd4 50. Rxb7 Nb2+ 0-1